ბათუმის შოთა რუსთაველის სახელმწიფო უნივერსიტეტის ბიბლიოთეკა

მსახიობის სიკვდილი. დრამა 4 მოქმ. 5 სურ (ბიბ.ჩანაწერი № 50156)

000 -LEADER
fixed length control field 00688nam a2200217Ia 4500
001 - CONTROL NUMBER
control field 17094
003 - CONTROL NUMBER IDENTIFIER
control field GE_BSU
008 - FIXED-LENGTH DATA ELEMENTS--GENERAL INFORMATION
fixed length control field 181216s||||||||xx |||||||||||||| ||und||
040 ## - CATALOGING SOURCE
Transcribing agency GE_BSU
080 ## - UNIVERSAL DECIMAL CLASSIFICATION NUMBER
Universal Decimal Classification number 821.353.1-2
100 ## - MAIN ENTRY--PERSONAL NAME
Personal name ადამია, ალიო
245 ## - TITLE STATEMENT
Title მსახიობის სიკვდილი. დრამა 4 მოქმ. 5 სურ
245 ## - TITLE STATEMENT
Statement of responsibility, etc. რედ.ა.ბურთიკაშვილი
260 ## - PUBLICATION, DISTRIBUTION, ETC.
Place of publication, distribution, etc. თბილისი
260 ## - PUBLICATION, DISTRIBUTION, ETC.
Name of publisher, distributor, etc. ხელოვნება
260 ## - PUBLICATION, DISTRIBUTION, ETC.
Date of publication, distribution, etc. 1958
300 ## - PHYSICAL DESCRIPTION
Extent 48გვ. ; 20სმ..
653 ## - INDEX TERM--UNCONTROLLED
Uncontrolled term დრამა
653 ## - INDEX TERM--UNCONTROLLED
Uncontrolled term მსახიობის სიკვდილი
942 ## - ADDED ENTRY ELEMENTS (KOHA)
Koha item type წიგნი
ეგზემპლარები
Withdrawn status Lost status Damaged status Not for loan Date acquired Barcode Date last seen Price effective from Koha item type
        2018-12-17 21578 2018-12-17 2018-12-17 წიგნი
        2018-12-17 21623 2018-12-17 2018-12-17 წიგნი